Management in Western Europe (Record no. 123478)
[ view plain ]
| 000 -LEADER | |
|---|---|
| fixed length control field | 01233nam a2200325 a 4500 |
| 082 04 - DEWEY DECIMAL CLASSIFICATION NUMBER | |
| Classification number | 658.0094 |
| 100 1# - MAIN ENTRY--AUTHOR NAME | |
| Personal name | Lawrence, Peter A. |
| 245 10 - TITLE STATEMENT | |
| Title | Management in Western Europe |
| 260 ## - PUBLICATION, DISTRIBUTION, ETC. (IMPRINT) | |
| Place of publication | Basingstoke : |
| Name of publisher | Macmillan, |
| Year of publication | 2000. |
| 300 ## - PHYSICAL DESCRIPTION | |
| Number of Pages | ix, 251 p. : |
| Other physical details | ill. |
| 650 #0 - SUBJECT ADDED ENTRY--TOPICAL TERM | |
| Topical Term | Management |
| 700 1# - ADDED ENTRY--PERSONAL NAME | |
| Personal name | Edwards, Vince, |
| 856 40 - ELECTRONIC LOCATION AND ACCESS | |
| Uniform Resource Identifier | http://site.ebrary.com/lib/rucke/Doc?id=2002946 |
No items available.
